000 00260nam a2200121Ia 4500
008 190216s9999||||xx |||||||||||||| ||und||
100 _aNarayanan C
245 0 _aKadu
260 _bC I C C Book House
_c1987
300 _a110p
650 _aNovel
942 _cBK
999 _c26022
_d26022